000 00363nam a22001097a 4500
999 _c519539
_d519539
082 _aTNC O91x54 K528
100 _aKhoshoo, T.N.
_930657
245 _aEnvironmental concerns and strategics
_bsecond revised and enlarged edition
_cby T.N. Khoshoo
260 _aNew Delhi
_bAshish Publication House
_c1988
300 _a687p
650 _aEnvironment - India
_930658